000 00808nam a2200253 i 4500
001 bg
100 1 _aMAJCHRZAK, Ewa
_d(1956- )
245 1 0 _aMetoda elementów brzegowych w przepływie ciepła /
_cEwa Majchrzak.
260 _aCzęstochowa :
_bWydaw. PC,
_c2001.
300 _a347 s. :
_bil. ;
_c24 cm.
490 1 _aMonografie / Politechnika Częstochowska,
_x0860-5017 ;
_vnr 76
504 _aBibliogr.
650 9 _aMetody i |zagadnienia brzegowe
_xstosowanie
_xfizyka
650 9 _aPrzewodnictwo cieplne
_xbadanie
_xmetody
655 _aPodręczniki
830 0 _aMonografie (Politechnika Częstochowska) ;
_vnr 76
020 _a8371931328
040 _cBPK
041 0 _apl
080 _a536.7:517.9](07)
920 _a83-7193-132-8
942 _cKS
008 s pl f |000 0 pol
999 _c40673
_d40673
856 _uhttp://koha.tu.koszalin.pl/cgi-bin/koha/opac-detail.pl?biblionumber=40673
_yKatalog online BPK